000 00865nam a2200193 i 4500
001 187891
003 ES-MaACL
005 20230906223043.0
008 180319s1899 xxk |||| | eng d
110 0 _aGran Bretaña.
_bForeign Office.
_94480
245 1 0 _aNetherlands
_b: report for the year 1898 on the trade, commerce, &c., of the island of Java : reference to previous report, annual series nº 2095 / presented to both Houses of Parliament by command of Her Majesty, may 1899.
260 _aLondon :
_bForeing Office,
_c1899.
300 _a21 p. ;
_c25 cm.
490 1 _aDiplomatic and consular reports. Annual series ;
_v2253
651 4 _aHolanda-
_xComercio exterior.
_9164405
830 0 _aDiplomatic and consular reports. Annual series ;
_v2253
_9192842
852 _aES-MaACL
_jT-953-F-14
_z. -Legado de González del Campillo
999 _c187891
_d187891